Clubs en finale de Ligue des champions féminine - Statistiques

Statistiques générales
  • Ce quiz a été pris 84 fois
  • Le résultat moyen est 6 sur 14
Statistiques - réponses
rang Club PAYS nombre de finale nombre de titre dernière apparition % Correct
1 Olympique lyonnais France 11 8 2024
100%
7 Paris-Saint-Germain France 2 0 2017
96%
6 FC Barcelone Espagne 6 3 2025
93%
14 Chelsea Angleterre 1 0 2021
82%
3 VfL Wolfsburg Allemagne 6 2 2023
69%
8 Arsenal LFC Angleterre 2 2 2025
68%
2 FFC Francfort Allemagne 6 4 2015
38%
5 FFC Turbin Potsdam Allemagne 4 2 2011
24%
4 Umea IK Suede 5 2 2008
14%
9 FCR Duisbourg Allemagne 1 1 2009
6%
13 Tyreso FF Suede 1 0 2014
4%
10 Fortuna Hjorring Danemark 1 0 2003
3%
12 Zvezda 2005 Russie 1 0 2009
3%
11 Alvsjo Suede 1 0 2005
0%
Aucun quiz correspondant
Distribution des résultats
% des personnes avec chaque résultat
Percentile par nombre de réponses
Votre historique - résultats
Vous n’avez pas pris ce quiz